| 000 | 01541nam a2200349 i 4500 | ||
|---|---|---|---|
| 003 | DO-SdBNP | ||
| 005 | 20240311151235.0 | ||
| 007 | ta | ||
| 008 | 240311s2000 dr abc 000 0 spa d | ||
| 020 | _a848261231X | ||
| 040 |
_aDO-SdBNP _bspa _cBNPHU _erda |
||
| 082 | 4 |
_222 _bA473 |
|
| 100 | 1 |
_aAlvarez, María José, _930498 _eautora |
|
| 245 | 1 | 0 |
_aSociedad 3 : _beducación básica / _cMaría José Alvarez ; dirección editorial, Obdulia García de Escobar ; ilustración, Ruddy Núñez, Frank Suárez. ; fotografías Carlos Diez Polanco, Héctor Gálvez, Ricardo Briones |
| 264 | 1 |
_aSanto Domingo : _bSantillana, _c2000. |
|
| 300 |
_a2 tomos _bilustraciones, mapas, retratos _c28 cm. |
||
| 336 |
_2rdacontent _atexto _btxt |
||
| 337 |
_2rdamedia _asin mediación _bn |
||
| 338 |
_2rdacarrier _avolumen _bnc |
||
| 490 | _aUmbral | ||
| 500 | _aEducación básica. | ||
| 500 | _aLa biblioteca posee el libro de texto y el álbum de sociedad. | ||
| 505 | 0 |
_tNuestro país -- _tel territorio donde vivo -- _tEl campo -- _tPueblos y ciudades -- _tLa industria -- _tLa economía y los servicios -- _tLa población y el gobierno -- _tLa vida democrática -- _tRecortables / |
|
| 590 | _aInventariado, 2024/ YL | ||
| 700 | 1 |
_aGarcía Escobar, Obdulia, _edirección editorial _929560 |
|
| 700 | 1 |
_aNúñez, Ruddy, _eilustraciones _923171 |
|
| 700 | 1 |
_aSuárez, Frank, _eilustraciones _910209 |
|
| 700 | 1 |
_aDiez Polanco, Carlos _efotografías _929828 |
|
| 700 | 1 |
_aGálvez, Héctor _efotografías _985002 |
|
| 910 | _aYLockward | ||
| 942 |
_2ddc _cLBS1 |
||
| 999 |
_c56065 _d56065 |
||